Actes du congres (Record no. 46629)
[ view plain ]
| 000 -LEADER | |
|---|---|
| campo de control de longitud fija | 00764nam a2200181 i 4500 |
| 001 - NÚMERO DE CONTROL | |
| campo de control | 46629 |
| 003 - IDENTIFICADOR DE NÚMERO DE CONTROL | |
| campo de control | ES-MaACL |
| 005 - FECHA Y HORA DE LA ÚLTIMA TRANSACCIÓN | |
| campo de control | 20230906161424.0 |
| 007 - CAMPO FIJO DE DESCRIPCIÓN FÍSICA--INFORMACIÓN GENERAL | |
| campo de control de longitud fija | t| |
| 008 - DATOS DE LONGITUD FIJA--INFORMACIÓN GENERAL | |
| campo de control de longitud fija | 030331s1901 fr |||| | fre d |
| 111 2# - ENTRADA PRINCIPAL--NOMBRE DE CONGRESO/REUNIÓN | |
| Nombre de congreso/reunión o jurisdicción como elemento de entrada | Congrès International du Patronage des Libérés ( |
| Fecha del congreso o de la firma del tratado | 1900. |
| Sede del congreso/Lugar de la reunión | Paris) |
| 9 (RLIN) | 167560 |
| 245 10 - MENCIÓN DEL TÍTULO | |
| Título | Actes du congres |
| Resto del título | : compte rendu sténographique / |
| Mención de responsabilidad, etc. | Congrés International du Patronage Libérés, Paris 8-13 prillet 1900 ; publie par H. Louiche-Desfontaines. |
| 260 ## - PUBLICACIÓN, DISTRIBUCIÓN, ETC. | |
| Lugar de publicación, distribución, etc. | Paris : |
| Nombre del editor, distribuidor, etc. | Union des Sociétés de Patronage de France, |
| Fecha de publicación, distribución, etc. | 1901. |
| 300 ## - DESCRIPCIÓN FÍSICA | |
| Extensión | 908 p. ; |
| Dimensiones | 24 cm. |
| 650 #4 - PUNTO DE ACCESO ADICIONAL DE MATERIA--TÉRMINO DE MATERIA | |
| Término de materia o nombre geográfico como elemento de entrada | Establecimientos penitenciarios- |
| Subdivisión de forma | Congresos y asambleas. |
| 9 (RLIN) | 163123 |
| 700 1# - ENTRADA AGREGADA--NOMBRE PERSONAL | |
| Nombre de persona | Louiche-Desfontaines, Henry. |
| 9 (RLIN) | 167559 |
| 852 ## - LOCALIZACIÓN | |
| Ubicación | ES-MaACL |
| Número de control de estantería | D-108 |
| Nota libre | . - Donativo Lastres |
| Estatus retirado | Estado de pérdida | Estado de daño | No para préstamo | Biblioteca de origen | Biblioteca actual | Ubicación en estantería | Fecha de adquisición | Fuente de adquisición | Total de préstamos | Signatura topográfica completa | Código de barras | Visto por última vez | Precio de reemplazo | Tipo de ítem Koha |
|---|---|---|---|---|---|---|---|---|---|---|---|---|---|---|
| Biblioteca del Ateneo de Madrid | Biblioteca del Ateneo de Madrid | Sala Valle Inclán | 17/01/2008 | D-108 | 901049044 | 23/02/2023 | 23/02/2023 | Libro impreso antiguo |
